Acucobol-85 cobol compiler : version 1.5.

Saved in:
Bibliographic Details
Corporate Author: Acubol
Format: Book
Language:English
Published: San Diego, Calif. : Acucobol, Inc., [198-?]
Subjects:
LEADER 00718nam a22002053 4500
001 c000414797
003 CARM
005 00000000000000.0
008 940419 eng
019 1 |a 10833961 
040 |a VDU  |c VDU 
082 0 4 |a 005.133 
245 0 |a Acucobol-85 cobol compiler : version 1.5. 
260 |a San Diego, Calif. : Acucobol, Inc., [198-?] 
300 |a 1 v. 
650 |a COBOL (Computer program language)  |x Handbooks, manuals, etc. 
710 |a Acubol. 
852 8 |b CARM  |h A3:AF27B0  |i B11939  |p 0569642  |f BK 
999 f f |i ed0326c4-4da5-5507-a993-6327129a8afc  |s ff90441c-fbd9-5c9f-8bae-acd1145f8234 
952 f f |p Can circulate  |a CAVAL  |b CAVAL  |c CAVAL  |d CARM 1 Store  |e B11939  |f A3:AF27B0  |h Other scheme  |i book  |m 0569642